The Cambodian Research Workshop,Book of Handouts 4th January 2013 Royal University Of Agriculture phnom penh, Cambodia All right reserved c 2013 (Record no. 25439)

000 -LEADER
fixed length control field 00400nam a22001217a 4500
040 ## - CATALOGING SOURCE
Transcribing agency RUA
082 ## - DEWEY DECIMAL CLASSIFICATION NUMBER
Classification number SUP THO 2013 C108 Or.
100 ## - MAIN ENTRY--AUTHOR NAME
Personal name THO KIM EANG,
245 ## - TITLE STATEMENT
Title The Cambodian Research Workshop,Book of Handouts 4th January 2013 Royal University Of Agriculture phnom penh, Cambodia All right reserved c 2013
260 ## - PUBLICATION, DISTRIBUTION, ETC. (IMPRINT)
Place of publication PHNOM PENH
Name of publisher RUA
Year of publication 2013
300 ## - PHYSICAL DESCRIPTION
Number of Pages 139p,
Other physical details ill,
Dimensions 29cm,
942 ## - ADDED ENTRY ELEMENTS (KOHA)
Koha item type សៀវភៅភាសាអង់គ្លេស
952 ## - LOCATION AND ITEM INFORMATION (KOHA)
Withdrawn status [LOCAL, KOHA] 0
952 ## - LOCATION AND ITEM INFORMATION (KOHA)
Withdrawn status [LOCAL, KOHA] 0
952 ## - LOCATION AND ITEM INFORMATION (KOHA)
Withdrawn status [LOCAL, KOHA] 0
952 ## - LOCATION AND ITEM INFORMATION (KOHA)
Withdrawn status [LOCAL, KOHA] 0
952 ## - LOCATION AND ITEM INFORMATION (KOHA)
Withdrawn status [LOCAL, KOHA] 0
Holdings
Permanent Location Date acquired Koha item type Lost status Shelving location Barcode Current Location Full call number
Library Block C2026-02-03សៀវភៅភាសាអង់គ្លេស C108C034372Library Block CSUP THO 2013 C108 Or.
Library Block C2026-02-03សៀវភៅភាសាអង់គ្លេស C108C034464Library Block CSUP THO 2013 C108 Or.
Library Block C2026-02-03សៀវភៅភាសាអង់គ្លេស C108C034504Library Block CSUP THO 2013 C108 Or.
Library Block C2026-02-03សៀវភៅភាសាអង់គ្លេស C108C034544Library Block CSUP THO 2013 C108 Or.
Library Block C2026-02-03សៀវភៅភាសាអង់គ្លេស C108C034543Library Block CSUP THO 2013 C108 Or.
មជ្ឈមណ្ឌលឯការនៃសាកលវិទ្យាល័យភូមិន្ទកសិកម្មចំការដូង

Powered by Koha